000 00527cam a22001694a 4500
001 13858248
005 20250218100002.0
008 050201s2005 paua 000 0 eng
020 _a9783319366487
040 _cPK-LaUMT
082 0 0 _a617.5820592
_222
_bTOT-
245 0 0 _aTotal knee arthroplasty /
_cedited by E. Carlos Rodriguez-Merchan and Sam Oussedik
260 _aNew York :
_bSpringer Cham Heidelberg,
_c2015
300 _a286 p. :
_bill. ;
_c29 cm. +
_e1 DVD.
650 0 _aTotal knee replacement.
_94620
942 _cBK
999 _c136918
_d136918